01514nam a22003017a 45000010005000000030006000050050017000110080041000280200015000690400029000840500016001130820011001291000028001402450085001682500041002532600034002943000040003285050007003685200554003755210018009295210018009476500018009656500028009837000031010119420015010429990015010579520140010726036FISKH20250226112941.0250226b cb ||||| |||| 00| 0 eng d a0553542079 aFISKHbengcFISKHdFISKH aPZ7.B8344 M a813.54 aBryant, Bonnied(1943-) aPony tails :bMay's riding lesson /cBonnie Bryant ; Illustrated by Marcy Ramsey aThis edition first published in 1995 aNew York :bA Skylark,c1995. a101 pages :billustrations ;c20 cm aL  aJuvenile Fiction. HTML:There's more than one way to stop a bully Wil never misses a chance to pick on best friends Jasmine, May, and Corey about playing with their toy horses. Not only do the girls love their real ponies, they love to play with their toy ones, too. May decides it's time to teach Wil a lesson. But even though Jasmine's feelings are hurt, she wants May to leave Wil alone. When she begins helping Corey train her pony, Samurai, for the scavenger hunt at Pine Hollow Stables, she realizes there might be a better way to stop a bully.8 a510 bLexile 8 aL bRaz-Plus  2GirlsaHorses 2Pony TailsaSaddle club aRamsey, Marcydillustrator 2ddccBKn0 c6036d6036 00102ddc40708JUVFa001b001cTTP Yellow d2025-02-26l0oBRY 813.54 PZ7.B8344 Mp2025-0685r2025-02-26 11:29:38t1w2025-02-26yBK